000 00523cab a2200181 4500
001 WB2612-20
008 090401t1990 xxu||||| |||| 00| 0 eng d
035 _a(Sirsi) u15654
041 _aeng
245 _aHelp for tenants to buy homes
260 _c1990
350 _a0
490 _aGlasgow Herald
_v10/3/90 p3
520 _aUnder the Tenants Incentive Scheme housing association tenants in Scotland are to receive £9 000 towards buying their own home.
690 _aHOUSING
942 _n0
948 _c04/03/1997
999 _c10292
_d10292